000 01311nam a2200301 a 4500
001 000026515
003 DO-SdBNP
005 20250606101000.0
008 100310s2008 dr ac r 000 0 spa d
040 _aDO-SdBNP
_bspa
_cBNPHU
082 4 _a372.011
_bR426L, 2004-2008
_222
110 1 _aRepública Dominicana.
_bSecretaría de Estado de Educación
_bDirección General de Educación Inicial
_953597
245 1 0 _aLineamientos políticos y organizativos del nivel inicial, 2004-2008 /
_ccolaboradores Altagracia Almánzar ... [et al.] ; presentación Alejandrina Germán ; introducción, Carmen Sánchez.
260 _aSanto Domingo :
_bSEEC,
_c2008.
300 _a134 p. :
_bil., retrs. ;
_c28 cm.
490 0 _aGestión educativa
590 _aInventariado, 2018/BT
650 0 _aEducación primaria
_zRepública Dominicana
_91420
650 4 _aEducación primaria
_xFormación profesional
_xInvestigaciones
_917504
650 4 _aFormación profesional de maestros
_zRepública Dominicana
_917505
650 4 _aCapacitación docente
_917398
700 1 _aAlmánzar, Altagracia,
_ecol.
_953598
700 1 _aGemán, Alejandrina,
_dpresent.
_953599
700 1 _aSánchez, Carmen,
_dintrod.
_937122
830 0 _aGestión educativa
_919751
910 _aValidado. Control de calidad. EMS
942 _2ddc
_cLBS1
999 _c26007
_d26007